Normal view MARC view
  • Urdu Travelogue

Entry Topical Term

Number of records used in: 1

001 - CONTROL NUMBER

  • control field: 110522

003 - CONTROL NUMBER IDENTIFIER

  • control field: NUST

005 - DATE AND TIME OF LATEST TRANSACTION

  • control field: 20230317121554.0

008 - FIXED-LENGTH DATA ELEMENTS

  • fixed length control field: 230317|| aca||aabn | a|a d

040 ## - CATALOGING SOURCE

  • Original cataloging agency: NUST
  • Transcribing agency: NUST

150 ## - HEADING--TOPICAL TERM

  • Topical term or geographic name entry element: Urdu Travelogue

670 ## - SOURCE DATA FOUND

  • Source citation: Work cat.: (NUST)188228: Tarar, Mustansar Hussain 3135, Barfeeli Bulandiyan / برفیلی بلندیاں (Urdu) /, 2004
© 2023 Central Library, National University of Sciences and Technology. All Rights Reserved.